000
00226 a2200109 4500
001
44121
040
_c
Anchieta - Aquarius
240
1
0
_a
o menino maluquinho
_l
245
1
0
_a
o menino maluquinho
650
4
_a
Música
942
_c
MU
999
_c
44121
_d
44121